=LDR 00000nam 2200000 4500 =001 NUTBA000000000004135 =005 20140903114809.0 =006 =007 =008 =020 ##$$a 978-979-1446-30-5 =035 ##$$a 0010-091400000000168 =040 ##$$a NBPDMAT =082 ##$$a 612.015 =084 ##$$a 612.015 Sar b =100 ##$$a Saryono =245 ##$$a Biokimia Reopinasi / $c Saryono =260 ##$$a Yogyakarta : $b Nuha Medika, $c 2009 =300 ##$$a 132 hlm. : $b ilus. ; $c 21 cm. =500 ##$$a Bibliografi : hlm. 125 =650 ##$$a Biokimia-perempuan =990 ##$$a 21407752